X съезд Польской объединенной рабочей партии, Варшава, 29 июня-3 июля 1986 г.: пер. с польского

Podrobná bibliografie
Další autoři: Муцкий В. К. (редактор)
Shrnutí:Исключено из фонда НТБ ТПУ
Jazyk:ruština
Vydáno: Москва, Политиздат, 1987
Edice:Документы и материалы зарубежных коммунистических и рабочих партий
Médium: MixedMaterials Kniha
KOHA link:https://koha.lib.tpu.ru/cgi-bin/koha/opac-detail.pl?biblionumber=257423

MARC

LEADER 00000nam0a2200000 4500
001 257423
005 20231031215855.0
020 |a RU  |b 88-6389 
035 |a (RuTPU)RU\TPU\book\280220 
090 |a 257423 
100 |a 20140416d1987 k a0rusy5003 ca 
101 1 |a rus  |c pol 
102 |a RU 
105 |a y z 000zy 
200 1 |a X съезд Польской объединенной рабочей партии, Варшава, 29 июня-3 июля 1986 г.  |e пер. с польского  |f под ред. В. К. Муцкого 
210 |a Москва  |c Политиздат  |d 1987 
215 |a 366 с. 
225 1 |a Документы и материалы зарубежных коммунистических и рабочих партий 
333 |a Исключено из фонда НТБ ТПУ 
702 1 |a Муцкий  |b В. К.  |4 340 
801 0 |a RU  |b RuMRKP  |c 19950417  |g psbo 
801 1 |a RU  |b 63413507  |c 20140416 
801 2 |a RU  |b 63413507  |c 20220309  |g RCR 
942 |c BK